000 00795cam a2200265 a 4500
001 2559041
003 OSt
005 20170105101210.0
008 950213s1996 nyua 001 0 eng
010 _a 95006441
020 _a0673995704
040 _aDLC
_cDLC
_dDLC
050 0 0 _aHB171.5
_b.G825 1996
082 0 0 _a330
_220
100 1 _aGregory, Paul R.
245 1 0 _aEssentials of economics /
_cPaul R. Gregory.
250 _a3rd ed.
260 _aNew York, NY :
_bHarperCollinsPublishers,
_cc1996.
300 _axiv, 211 p. :
_bill. ;
_c23 cm.
500 _aIncludes index.
650 0 _aEconomics.
906 _a7
_bcbc
_corignew
_d1
_eocip
_f19
_gy-gencatlg
942 _2ddc
_cBK
999 _c3153
_d3153